Cuidados en el paciente pediátrico (Registro nro. 7803)

Detalles MARC
000 -LEADER
fixed length control field 01397nam a2200289Ia 4500
003 - CONTROL NUMBER IDENTIFIER
control field CO-CtgCURN
005 - DATE AND TIME OF LATEST TRANSACTION
control field 20250329173537.0
008 - FIXED-LENGTH DATA ELEMENTS--GENERAL INFORMATION
fixed length control field 200803s2018 xx f 000 0 spa d
040 ## - CATALOGING SOURCE
Original cataloging agency CO-CtgCURN
Language of cataloging spa
Transcribing agency coctgcurn
082 ## - DEWEY DECIMAL CLASSIFICATION NUMBER
Classification number 610.73
Item number C966p
245 #0 - TITLE STATEMENT
Title Cuidados en el paciente pediátrico
Medium [electronic resource] /
Statement of responsibility, etc. ed., Manuel Luis Martí ; Silvina Estrada de Ellis
260 ## - PUBLICATION, DISTRIBUTION, ETC.
Place of publication, distribution, etc. Argentina :
Name of publisher, distributor, etc. Fundación Alberto J. Roemmers,
Date of publication, distribution, etc. 2018
300 ## - PHYSICAL DESCRIPTION
Extent recurso en línea ( 227 páginas) :
336 ## - CONTENT TYPE
Content type term texto
Content type code txt
337 ## - MEDIA TYPE
Media type term computador
Media type code c
338 ## - CARRIER TYPE
Carrier type term recurso en línea
Carrier type code cr
504 ## - BIBLIOGRAPHY, ETC. NOTE
Bibliography, etc. note Incluye referencias bibliográficas
505 ## - FORMATTED CONTENTS NOTE
Formatted contents note La familia en la terapia intensiva -- Programa de capacitación para gestión de enfermería -- Atención del paciente con leucemia linfoblástica aguda -- Medición de la fatiga en el paciente oncológico -- Enfermería en el manejo de infecciones
590 ## - LOCAL NOTE (RLIN)
Local note Programa de Enfemería_27
650 ## - SUBJECT ADDED ENTRY--TOPICAL TERM
Topical term or geographic name entry element Enfermedades en niños
9 (RLIN) 4690
650 ## - SUBJECT ADDED ENTRY--TOPICAL TERM
Topical term or geographic name entry element Enfermería pediátrica.
9 (RLIN) 4691
700 ## - ADDED ENTRY--PERSONAL NAME
Personal name Estrada de Ellis, Silvina
Relator term editor
9 (RLIN) 4692
700 ## - ADDED ENTRY--PERSONAL NAME
Personal name Martí, Manuel Luis
Relator term editor
9 (RLIN) 4693
856 ## - ELECTRONIC LOCATION AND ACCESS
Uniform Resource Identifier <a href="https://unicurn.sharepoint.com/:b:/s/biblioteca/EeEHXZL_6WBIoG7PSzed-nEBAzppxQpryOEbXnh4Q7E88Q?e=JTftqp">https://unicurn.sharepoint.com/:b:/s/biblioteca/EeEHXZL_6WBIoG7PSzed-nEBAzppxQpryOEbXnh4Q7E88Q?e=JTftqp</a>
Public note Vea este libro electrónico
942 ## - ADDED ENTRY ELEMENTS (KOHA)
Koha item type Libros electrónicos
Classification part 610.73
Item part C966p
Source of classification or shelving scheme Dewey Decimal Classification
Existencias
Withdrawn status Lost status Source of classification or shelving scheme Damaged status Not for loan Collection Home library Current library Shelving location Date acquired Total checkouts Full call number Date last seen Price effective from Koha item type
    Dewey Decimal Classification     Libros electrónicos Miguel Henríquez Castañeda Barranquilla Miguel Henríquez Castañeda Barranquilla   08/01/2020   610.73 C966p 08/03/2020 08/03/2020 Libros electrónicos